Statistics for 100 Question Trivia

Click here to take the quiz!

General Stats

  • This quiz has been taken 178 times
  • The average score is 44 of 100

Answer Stats

QuestionAnswer% Correct
How many days are in a year?365
84%
Colonel Sanders is the icon for this fast food chainKFC
83%
Played Jack in TitanicLeonardo DiCaprio
83%
Company that makes the following products: iPod, iPhone, iPad, Mac | The iPhone is made by which company?Apple
82%
How many weeks in a year?52
81%
First US presidentGeorge Washington
81%
Jay-Z's professionRapper
80%
What does the French word "Bonjour" mean in EnglishHello
79%
Norse explorers, warriors, merchants, and pirates who raided and settled European and Asian lands from late 8th to mid 11th centuryVikings
79%
Capital of SpainMadrid
77%
Mexican CurrencyPeso
77%
Created FacebookMark Zuckerberg
75%
Most-visited WebsiteGoogle
74%
Ghandi helped the people of this nation gain independenceIndia
74%
Biggest city in IndiaMumbai
74%
Lost ancient city said to be under waterAtlantis
73%
The UN stands for...United Nations
73%
Structure that was 26.5 miles long until 1989, separating East and West GermanyBerlin Wall
72%
Only South American country to send troops to war during WWIIBrazil
71%
Egypt's famous pyramids of ____Giza
71%
Biggest city in South KoreaSeoul
71%
Comedy that features a talking teddy bear voiced by Seth MacFarlaneTed
69%
US city with the Space NeedleSeattle
68%
What does UFO stand for?Unidentified Flying Object
68%
Swim stroke named after insectButterfly
67%
American-originated board game published by Parker Brothers, subtitled "The Fast-Dealing Property Trading Game"Monopoly
67%
Sarah Palin was Governor of which US state?Alaska
64%
"The Manhattan Project" was the top-secret building of what?Atomic Bomb
64%
French word for redRouge
64%
Tv show featuring Cartman, Stan, Kenny, and KyleSouth Park
64%
The battle of Gettysburg was a battle in which US war?Civil War
60%
Author of "The Raven" and other poems and storiesEdgar Allen Poe
60%
The Pope is the leader of what religion?Catholicism
58%
End this common idiom: "To be green with...Envy
58%
Capital of HungaryBudapest
57%
Played "Django" in the movie "Django Unchained"Jamie Foxx
53%
Country that "Girl with the Dragon Tattoo" was filmedSweden
53%
Capital city of IcelandReykjavik
52%
Emperor penguins live hereAntarctica
51%
Plant used by ancient Egyptians to make paper materialPapyrus
51%
"The _______ 20's"Roaring
51%
PS3 ManufacturerSony
50%
Capital City of SwedenStockholm
50%
Coca Cola is based in what American city?Atlanta
47%
Rees's mixes chocolate and ___________ into a delicious candy.Peanutbutter
47%
Estonia gained it's independence in 1991 from whom? | Operation Barbarossa was the Nazi invasion of what nation?Soviet Union
46%
A mixture of two metals. Usually, you add very small amounts of a different element to make the metal stronger and harder.Alloy
45%
The longest serving US presidentFranklin D. Roosevelt
45%
Timbuktu is a city in the country of _____.Mali
45%
Francisco Franco was apart of a civil war in _____.Spain
45%
Scientist's theory of how the universe was createdBig Bang Theory
44%
Director of Star Wars SagaGeorge Lucas
44%
R&B artist who signed Justin BieberUsher
40%
First Premier of Soviet UnionVladimir Lenin
39%
An Italian Automobile company that makes the "Enzo"Ferrari
37%
Xbox ManufacturerMicrosoft
37%
NFL team for BuffaloBills
36%
The only NBA team to represent a Canadian cityToronto Raptors
36%
Southern general at Battle of GettysburgRobert E. Lee
35%
Best-selling breakfast cerealCheerios
33%
The ________ genocide saw the death of between 800k-1milion Tutsi's and moderate Hutu'sRwandan
33%
His Great Leap cost China many livesMao Zedong
31%
Official language of BangladeshBengali
29%
______ is bordered to the north, east, and south by SenegalGambia
29%
Alternative band that sings "Radioactive"Imagine Dragons
29%
Attilla the Hun was the leader of the ________ Empire.Mongol
29%
Candy bar named after President Grover Cleveland's daughterBaby Ruth
28%
If the President and Vice President should die, resign, or otherwise become unable to continue in office, what political position would assume the office of President of the United States, and which person currently holds that position?Speaker of the House
28%
In Spanish, "Tengo ______" means "I'm hungry" in EnglishHambre
27%
"Land of Lincoln"Illinois
27%
Huapango is a folk dance of what country?Mexico
26%
Fiskars® is based in what country?Finland
25%
"The Snack that smiles back"Gold Fish
23%
Mythical creature that is half man and half goatSatyr
23%
MW3 stands for...Modern Warfare 3
22%
In Family Guy, Peter's next-door neighbors consist of Quagmire and ___.Joe
21%
Xerox makes this productCopy paper
19%
In language, ___________ is the repetition of a particular sound in the prominent lifts (or stressed syllables) of a series of words or phrases.Alliteration
18%
IBM stands for...International Business Machines
17%
Burn Notice airs on what channel?USA
17%
What Eastern European city was the last city to be liberated in World War II?Prague
13%
McDonald's Corporation founderRay Kroc
13%
Team name of Michigan StateSpartans
13%
1906 novel written by the American journalist and novelist Upton Sinclair. Sinclair wrote the novel to portray the lives of immigrants in the United States.The Jungle
13%
Famous comedian that uses puppetsJeff Dunham
12%
University of Maryland's team nameTerrapins
12%
NFL player with the most career rushing yardsEmmit Smith
11%
Norman Duke at Battle of HastingsWilliam II
11%
British Monarch from 1936-1952Edward VIII
9%
Bridge connecting Copenhagen, Denmark to Malmö, SwedenØresund Bridge
9%
Sings "Hotel Room Service"Pitbull
9%
Fort that protected Baltimore in the War of 1812Fort McHenry
8%
MLB player with highest career on base percentageTed Williams
6%
Vienna Beef mainly produces what?Hotdogs
5%
National animal of PakistanMarkhor
1%
Invented the telegraphPavel Schilling
1%
Oldest soccer playerBilly Meredith
0%
Most common species of tree throughout worldRed Alder
0%

Score Distribution

Percentile by Number Answered

Percent of People with Each Score

Your Score History

You have not taken this quiz